000
00302nam a22001097a 4500
008
160511b xxu||||| |||| 00| 0 eng d
020
_a
0871202115
041
_a
eng
080
_a
316.77
245
_a
The case for constructivist classrooms:
_c
Jacqueline Grennon Brooks; Martin G. Brooks;
942
_2
udc
_c
BK
999
_c
2041
_d
2041